000 02086nam a22002537a 4500
003 Uzh_bibl
008 260429b |||||||| |||| 00| 0 ukr d
020 _c3.52
040 _aукр.
041 _2ukr
_aukr
080 _a821(477)
090 _a821(477)
_bМ 91
100 _aМусієнко, Олекса
245 _aБагряна вежа
_hТекст
260 _aКиїв
_bРадянський письменник
_c1982
300 _a527 с.
_fВ опр.
520 _aСлавні сторінки до героїчного літопису Другої світової війни вписали підпільники Києва. Та навіть зараз чимало їхніх подвигів ще лишаються невідомими. Чи не про найграндіознішу бойову операцію, звершену на берегах Дніпра в переддєнь Курської битви, про викриття злочинного гітлерівського планну «Хегевальд» і про високий легендарний героїзм народних месників з документальною точністю оповідається в новому романі українського радянського письменника, знаного читачеві по тетралогії «Золоті ворота», «Чорне сонце». «Білий морок» та «Голубий берег».
521 _aДля широкого кола читачів
546 _aукр.
650 _aЛітературно-художнє видання
_yПеріод Другої світової війни, зокрема напередодні Курська битва (1943 рік)
_zУкраїна, м. Київ та береги Дніпра
653 _aВійна
_aПідпілля
_aГероїзм
_aОперація
_aОпір
655 _aРоман (воєнно-історичний, документально-художній)
_vРоман
942 _2udc
_cBK
999 _c17551
_d17551